| 000 | 00747nam a2200205 a 4500 | ||
|---|---|---|---|
| 003 | 0 | ||
| 005 | 20250303132525.0 | ||
| 008 | 120719s19uu xx 00 eng d | ||
| 050 |
_aPGS RM 666.H33.O74 _b.So677 2012 |
||
| 100 | _aSobrepena, Enrique V. P. | ||
| 245 |
_aEffect of oregano on Tinea pedis / _cEnrique P. Sobrepena V. |
||
| 260 |
_aLas PiƱas City, Philippines : _bSouthville International School and Colleges, _c2012. |
||
| 300 |
_a23 pages : _billustrations ; _c28 cm. |
||
| 504 | _aIncludes bibliographical references. | ||
| 650 |
_aOregano _vTherapeutic use. |
||
| 650 |
_aTinea pedis _vTreatment. |
||
| 650 |
_aHerbal medicine _vAntifungal properties. |
||
| 650 |
_aFungal diseases _vAlternative treatments. |
||
| 942 |
_2lcc _cPASS |
||
| 999 |
_c98755 _d98755 |
||